Once upon a time / (Record no. 4989)

MARC details
000 -LEADER
fixed length control field 01430cam a2200229 4500
001 - CONTROL NUMBER
control field 5906
005 - DATE AND TIME OF LATEST TRANSACTION
control field 20181127180526.0
008 - FIXED-LENGTH DATA ELEMENTS--GENERAL INFORMATION
fixed length control field 160405s2016 ii 000 1 eng d
010 ## - LIBRARY OF CONGRESS CONTROL NUMBER
LC control number 2016317127
020 ## - INTERNATIONAL STANDARD BOOK NUMBER
International Standard Book Number 9789351777458 (hardback)
100 0# - MAIN ENTRY--PERSONAL NAME
Personal name Srinivasan, Ashok.
245 10 - TITLE STATEMENT
Title Once upon a time /
Statement of responsibility, etc. Ashok Srinivasan.
264 #1 - PRODUCTION, PUBLICATION, DISTRIBUTION, MANUFACTURE, AND COPYRIGHT NOTICE
Place of production, publication, distribution, manufacture New Delhi :
Name of producer, publisher, distributor, manufacturer Fourth Estate,
Date of production, publication, distribution, manufacture, or copyright notice 2016.
300 ## - PHYSICAL DESCRIPTION
Extent 167 pages ;
Dimensions 22 cm
336 ## - CONTENT TYPE
Content type term text
Content type code txt
Source rdacontent
337 ## - MEDIA TYPE
Media type term unmediated
Media type code n
Source rdamedia
338 ## - CARRIER TYPE
Carrier type term volume
Carrier type code nc
Source rdacarrier
500 ## - GENERAL NOTE
General note ""Winner of the Hindu prize 2014""--Cover.
General note Novel.
520 ## - SUMMARY, ETC.
Summary, etc. Brinda Murty is born and brought up in a traditional joint family in Bangalore, though her life is anything but commonplace. She can recall things that happened before she was born and comes of age in a home where not just time but history has gone haywire. In her teens, she discovers that physical contact with her heals some people, but does not work so well for those she is close to. As the others around her age and decay, she remains young and grows ever more radiantly beautiful. But the price she has to pay is a deepening loneliness. Part fairy tale and part savage reality, Once Upon a Time is a multi-layered narrative from a winner of The Hindu Prize and greatly relevant at the time of a raging debate on the issue of tolerance in Indian society.
651 ## - SUBJECT ADDED ENTRY--GEOGRAPHIC NAME
Geographic name India -- Fiction.
Form subdivision
General subdivision
Chronological subdivision
Geographic subdivision
Source of heading or term
Holdings
Withdrawn status Lost status Source of classification or shelving scheme Damaged status Not for loan Collection code Home library Current library Shelving location Date acquired Serial Enumeration / chronology Inventory number Total Checkouts Full call number Barcode Date last seen Date last checked out Price effective from Koha item type
    Dewey Decimal Classification     Fiction RTC Library RTC Library Fiction 04/06/2021 9400 3 FIC 813.54 SRI 30009189 03/01/2022 26/08/2021 27/11/2018 Fiction
Royal Thimphu College || All Right Reserved